| 000 | 00417nam a22001697a 4500 | ||
|---|---|---|---|
| 003 | MPLRDC | ||
| 005 | 20220104181159.0 | ||
| 008 | 210129b ||||| |||| 00| 0 eng d | ||
| 082 | _a574.386 LCS | ||
| 100 | _aLI CHUAN SIU | ||
| 245 |
_aIKHTISAR SEJARAH KESUSASTERAAN MELAYU BARU 1830-1945 _c |
||
| 250 | _a初版 | ||
| 260 |
_a _bPUSTAKA ANTARA _c1966 |
||
| 300 | _b平 | ||
| 650 | _a | ||
| 942 |
_cBK _o574.386 LCS |
||
| 999 |
_c61310 _d61300 |
||